00571nam a22001697a 450000500170000001000150001702000260003203500130005803700130007108200100008410000210009424501240011526000330023927000700027230000320034270000270037420150717111826.0 aENG-113097 a9789382420255c595.00 aEN-96629 bDBAD/PUB a363.7 aDash, Dhanalaxmi aPeople who make a change :cby Dhanalaxmi Dash [and] Mahendra K. Satapathy bmen and women in environmental movements / bKunal Booksc2013aNew Delhi b New Delhie110002a4648/21, First Floor, Ansari Road, Daryaganj, axii,156p. :c23cm(Hb)bill. aSatapathy, Mahendra K.